Acteurs de A à Z - Statistiques

Statistiques générales
  • Ce quiz a été pris 711 fois
  • Le résultat moyen est 14 sur 26
Statistiques - réponses
Lettre Indice Acteur % Correct
H Forrest Gump, La Ligne verte Tom Hanks
90%
P Fight Club, Troie Brad Pitt
86%
S Rocky, Rambo Sylvester Stallone
85%
N Yves Saint Laurent, Boîte noire Pierre Niney
76%
T Grease, Pulp Fiction John Travolta
75%
R Matrix, John Wick Keanu Reeves
73%
E Le Bon, la Brute et le Truand, Impitoyable Clint Eastwood
68%
M Peaky Blinders, Oppenheimer Cillian Murphy
67%
D Taxi Driver, Les Affranchis Robert De Niro
67%
Y Fatal, Les Onze Commandements Michaël Youn
63%
B Le Professionnel, Un singe en hiver Jean-Paul Belmondo
60%
J The Greatest Showman, X-Men Hugh Jackman
57%
A Mr Bean, Johnny English Rowan Atkinson
56%
F Le Petit monde de Don Camillo, La Cuisine au beurre Fernandel
55%
K La Haine, Le Fabuleux Destin d'Amélie Poulain Mathieu Kassovitz
50%
V Les Tontons flingueurs, Les Aventuriers Lino Ventura
49%
L Opération Dragon, La Fureur de vaincre Bruce Lee
46%
C GoldFinger, Les Incorruptibles Sean Connery
43%
G Le Clan des Siciliens, Le Quai des brumes Jean Gabin
40%
W Fast and Furious, Mémoire de nos pères Paul Walker
40%
O Dracula, Léon Gary Oldman
27%
U Juste la fin du monde, Les Égarés Gaspard Ulliel
22%
Z Roubaix, une lumière, Indigènes Roschdy Zem
19%
Q Car sauvage est le vent, Zorba le Grec Anthony Quinn
17%
X Pimp My Ride, Rédemption Xzibit
15%
I La Vie scolaire, La Traversée Alban Ivanov
12%
Aucun quiz correspondant
Distribution des résultats
% des personnes avec chaque résultat
Percentile par nombre de réponses
Votre historique - résultats
Vous n’avez pas pris ce quiz